El régimen constitucional de las competencias locales (Registro nro. 7130)
[ vista simple ]
| 000 -LEADER | |
|---|---|
| fixed length control field | 01037 a2200217 4500 |
| 001 - CONTROL NUMBER | |
| control field | 60932 |
| 005 - DATE AND TIME OF LATEST TRANSACTION | |
| control field | 20260407155859.0 |
| 008 - FIXED-LENGTH DATA ELEMENTS--GENERAL INFORMATION | |
| fixed length control field | 260407a1988 arg spa d |
| 003 - CONTROL NUMBER IDENTIFIER | |
| control field | AR-UNSa-BCEJYS |
| 040 ## - CATALOGING SOURCE | |
| Original cataloging agency | AR-UNSa-BCEJYS |
| Language of cataloging | spa |
| Transcribing agency | AR-UNSa-BCEJYS |
| 080 ## - UNIVERSAL DECIMAL CLASSIFICATION NUMBER | |
| Universal Decimal Classification number | 352.9 |
| Common auxiliary subdivision | Órganos autónomos de la administración local |
| 020 ## - INTERNATIONAL STANDARD BOOK NUMBER | |
| International Standard Book Number | 978-84-7088-464-1 |
| 041 ## - LANGUAGE CODE | |
| Language code of text/sound track or separate title | spa |
| 100 1# - MAIN ENTRY--PERSONAL NAME | |
| Personal name | Ortega, Luis |
| 245 10 - TITLE STATEMENT | |
| Title | El régimen constitucional de las competencias locales |
| 264 #1 - PRODUCTION, PUBLICATION, DISTRIBUTION, MANUFACTURE, AND COPYRIGHT NOTICE | |
| Place of production, publication, distribution, manufacture | Madrid : |
| Name of producer, publisher, distributor, manufacturer | Instituto Nacional de Administración Pública (INAP) |
| Date of production, publication, distribution, manufacture, or copyright notice | 1988 |
| 300 ## - PHYSICAL DESCRIPTION | |
| Extent | 221 p. |
| Dimensions | 21 cm. |
| 505 ## - FORMATTED CONTENTS NOTE | |
| Formatted contents note | 1. La ausencia de una regulación constitucional expresa de las competencias de los entes locales - 2. Los elementos constitucionales del sistema de comepetencias locales - 3. La regulación general del régimen de las competencias en la ley reguladora de las bases del régimen local (Ley 7/1985, 2 de abril) - 4. La legislación autonómica sobre las competencias provinciales. |
| 590 ## - LOCAL NOTE (RLIN) | |
| Local note | niveau_biblio:m niveau_hierar:0 |
| 942 ## - ADDED ENTRY ELEMENTS (KOHA) | |
| Koha item type | |
| Withdrawn status | Lost status | Damaged status | Not for loan | Home library | Current library | Shelving location | Date acquired | Total checkouts | Full call number | Barcode | Date last seen | Price effective from | Koha item type |
|---|---|---|---|---|---|---|---|---|---|---|---|---|---|
| Biblioteca Prof. Eusebio Cleto del Rey | Biblioteca Prof. Eusebio Cleto del Rey | 07/04/2026 | 352.9 O77 | L58237 | 07/04/2026 | 07/04/2026 | Libro |